Robotické pracovisko ako platforma pre demonštráciu klúčových exponenciálnych technológií Priemyslu 4.0

Na minha lista:
Detalhes bibliográficos
Autor principal: Tóth, Tomáš (Author)
Outros Autores: Vachálek, Ján (Thesis advisor)
Formato: Manuscrito Livro
Idioma:eslovaco
Publicado em: 2025
Assuntos:
Acesso em linha:http://is.stuba.sk/zp/portal_zp.pl?podrobnosti=185602
Tags: Adicionar Tag
Sem tags, seja o primeiro a adicionar uma tag!

MARC

LEADER 00000ntm a22000003a 4500
001 stuzp106031
003 SK-STU
005 20250621210625.2
007 ta
008 150427s2015----xo-----f-mn---000-0-slo-d
040 |a STU  |b slo 
041 0 |a slo 
100 1 |a Tóth, Tomáš  |u 020020  |4 aut  |U SjF Strojnícka fakulta  |T SjF Ústav automatizácie, informatizácie a merania  |X 110728  |U J0020  |Y 802  |7 110728 
242 0 1 |a Implementation of a Robotic Workstation Platform to Demonstrate Essential Exponential Technologies in Industry 4.0  |y eng 
245 1 0 |a Robotické pracovisko ako platforma pre demonštráciu klúčových exponenciálnych technológií Priemyslu 4.0 
260 |c 2025 
650 4 |a robotické pracovisko  |2 slo 
650 4 |a PLC  |2 slo 
650 4 |a digitálny tieň  |2 slo 
650 4 |a Priemysel 4.0  |2 slo 
650 4 |a PROFINET  |2 slo 
650 4 |a OPC UA  |2 slo 
650 4 |a OPC UA  |2 eng 
650 4 |a Industry 4.0  |2 eng 
650 4 |a robotic workstation  |2 eng 
650 4 |a PLC  |2 eng 
650 4 |a PROFINET  |2 eng 
650 4 |a digital shadow  |2 eng 
700 1 |a Vachálek, Ján  |u 020020  |k Z1  |4 ths  |U SjF Strojnícka fakulta  |T SjF Ústav automatizácie, informatizácie a merania  |X 2232  |U J0020  |Y 802  |7 A000002232 
856 4 |u http://is.stuba.sk/zp/portal_zp.pl?podrobnosti=185602